000
00311nam a2200097Ia 4500
001
785720
005
20250826170306.0
008
250824s9999 xx 000 0 und d
245
0
_a
ARAMIZDA KALSIN!:ANNENLE BABANIN DERDİ NE?
_c
JEAN-PHİLİPPE RAYNAUD-MİCHEL VİGNES-YANN AUTRET
260
_b
GENÇ TİMAŞ YAYINLARI
999
_c
785720
_d
785720